Politické vedy časopis pre politológiu, najnovšie dejiny, medzinárodné vzťahy

Guardado en:
Detalles Bibliográficos
Formato: Seriadas
Lenguaje:eslovaco
Publicado: Banská Bystrica Fakulta politických vied a medzinárodných vzťahov UMB 2002
Materias:
Etiquetas: Agregar Etiqueta
Sin Etiquetas, Sea el primero en etiquetar este registro!

MARC

LEADER 00000nas2a2200000 4500
001 0039442
005 20060303110614.6
022 |a 1335-2741 
041 0 |a slo 
044 |a SK 
245 1 0 |a Politické vedy  |b časopis pre politológiu, najnovšie dejiny, medzinárodné vzťahy 
264 1 |a Banská Bystrica  |b Fakulta politických vied a medzinárodných vzťahov UMB  |c 2002 
500 |a Chýba č. 1, 2 
773 0 |w eu_un_cat*s120998 
610 2 0 |a politológia 
610 2 0 |a vzťahy politické medzinárodné